"Концепція релігійності" у "філософії життя" Ф. Ніцше та її сучасні рецепції (Запис № 464163)

МАРК-запис
000 -Лідер
fixed length control field 03392nam a22002657a 4500
001 - Контрольний номер
control field 216220049
003 - Ідентифікатор контрольного номера
control field UA-OsUOA
005 - Дата та час останнього входження (трансакції)
control field 20210115150007.0
008 - Елементи даних фіксованої довжини – загальна інформація
fixed length control field 210111b un ||||| m||| 00| 0 ukr d
040 ## - Джерело каталогізації
Агенція оригінальної каталогізації UA-OsUOA
Мова каталогізації ukr
Агенція, яка здійснювала перезапис UA-OsUOA
Агенція, яка здійснювала модифікацію UA-OsUOA
041 ## - Код мови
Код мови тексту/ звукової доріжки чи окремого заголовка (П) ukr
080 ## - Індекс Універсальної десяткової класифікації
Індекс Універсальної десяткової класифікації (УДК) (НП) 2-1:165.724
090 ## - Локальний шифр розміщення
Класифікаційний індекс УДК 2-1:165.724
095 ## - Код спеціальності для авторефератів
Код спеціальності 09.00.11
Назва спеціальності релігієзнавство
100 ## - Основне введення – ім’я особи
Ім’я особи (НП) Мудраков В. В.
245 ## - Відомості про назву
Назва (НП) "Концепція релігійності" у "філософії життя" Ф. Ніцше та її сучасні рецепції
Дані про відповідальність (НП) Мудраков Віталій Вікторович ; наук. керівник Балух Василь Олексійович
260 ## - Публікація, розповсюдження і т.п. (Вихідні дані)
Місце публікації, розповсюдження і т.п. (П) Острог
Дата публікації, розповсюдження і т.п. (П) 2014
300 ## - Фізичний опис
Обсяг 20 с.
502 ## - Примітка про дисертацію
Зв'язок Автореферат дисертації на здобуття наукового ступеня кандидата філософських наук<br/>
Наймення інституції, що представляється Національний університет "Острозька академія"
Рік отримання вченого ступеня 2014
520 ## - Резюме і т.п.
Резюме, реферат, анотація, тощо (НП) У дисертації досліджено філософію релігії Ф. Ніцше у вияві “концепції релігійності”, де параметральний остов формує його “філософія життя”. Здійснено відхід від традиційного тлумачення ніцшеанських концептів (переоцінка цінностей, воля до влади, надлюдина, вічне повернення) як окремих антидуховних, антирелігійних, антилюдських постулатів. У їх синтезі виявлено релігіє- та людинотворчий потенціал, а також зачатки методологічних прийомів і принципів, що вплинули на хід розвитку постмодерної філософії та найновіших її форм. Охарактеризовано методологію дослідницьких завдань Ф. Ніцше — генеалогію. Аргументовано специфіку її дії як інструмент дослідження християнства (нігілізму). Досліджено систему теоретичних рецепцій вчення Ф. Ніцше у концепціях ніцшезнавців постмодернізму (Ж. Батай, М. Фуко, Ж. Дельоз), а також роль його ідей у формуванні смислових регістрів і методології сучасної філософії релігії, етики, філософської антропології. Обґрунтовано потенціал ціннісного реформування духовно-інтелектуального контенту та вплив на трансформації подальшого наукового дискурсу і розв’язання низки проблем гуманітарної сфери.
650 ## - Додаткове предметне введення – тематичний термін
Джерело заголовка чи терміна UDC
Тематичний термін чи географічна назва, як елемент введення (НП) 2 Релігія. Теологія (Богослов'я)
942 ## - Додаткові елементи входу (Коха)
Source of classification or shelving scheme Universal Decimal Classification
Тип елемента Koha Автореферат
955 ## - Код типу видання за змістом
Код типу видання за змістом (НП) Наукові видання

Немає доступних примірників.